Normal view
MARC view
Entry Topical Term
001 - CONTROL NUMBER
- control field: 14962
003 - CONTROL NUMBER IDENTIFIER
- control field: OSt
005 - DATE AND TIME OF LATEST TRANSACTION
- control field: 20230127154621.0
008 - FIXED-LENGTH DATA ELEMENTS
- fixed length control field: 230127|| aca||aabn | a|a d
040 ## - CATALOGING SOURCE
- Original cataloging agency: OSt
- Transcribing agency: OSt
150 ## - HEADING--TOPICAL TERM
- Topical term or geographic name entry element: အထွေထွေဗဟုသုတ
670 ## - SOURCE DATA FOUND
- Source citation: Work cat.: (OSt): ခေတ်ထွန်း၊ မောင် 14961, ထူးဆန်းထွေလာအံ့ဖွယ်ကမ္ဘာ /, ၂၀၁၉။